Slovensko-maďarský slovník /

Saved in:
Bibliographic Details
Main Authors: Stelczer, Arpád (Author), Vendégh, Imre (Author)
Format: Book
Language:Multiple languages
Published: Bratislava : Slovenské pedagogické nakladateľstvo, 1992
Tags: Add Tag
No Tags, Be the first to tag this record!

MARC

LEADER 00000nam a22000003a 4500
001 stu23207
005 20150617225748.7
008 950509s1992----xo------------------mul-d
020 |a 80-08-01813-5 
040 |a STU  |b slo 
041 0 |a mul 
044 |a xo 
080 |a 801.323=854=945=11 
100 1 |a Stelczer, Arpád  |4 aut 
245 1 |a Slovensko-maďarský slovník /  |c Stelczer,Arpád, Vendégh,Imre 
260 |a Bratislava :  |b Slovenské pedagogické nakladateľstvo,  |c 1992 
300 |a 870 s 
700 1 |a Vendégh, Imre  |4 aut 
996 |b C93575  |c C*93575  |l CCI  |s A  |a 24  |w stu23207_0001